Online
Catalog

The Image of the work : (Record no. 1339)

MARC details
000 -CABECERA
campo de control de longitud fija 00548cam a2200157 a 4500
001 - NÚMERO DE CONTROL
campo de control 000001422
005 - FECHA Y HORA DE LA ÚLTIMA TRANSACCIÓN
campo de control 20200929145555.0
008 - DATOS DE LONGITUD FIJA--INFORMACIÓN GENERAL
campo de control de longitud fija 821020s1955 xxu 001 0 eng
040 ## - FUENTE DE LA CATALOGACIÓN
Centro catalogador/agencia de origen DO-SdBNP
Lengua de catalogación spa
Centro/agencia transcriptor BNPHU
082 ## - NÚMERO DE LA CLASIFICACIÓN DECIMAL DEWEY
Número de clasificación 820.9
Número de documento/Ítem I31w
245 04 - MENCIÓN DE TÍTULO
Título The Image of the work :
Resto del título essays in criticism /
Mención de responsabilidad, etc. B. H. Lehman... [et al].
260 ## - PUBLICACIÓN, DISTRIBUCIÓN, ETC.
Lugar de publicación, distribución, etc. Berkeley :
Nombre del editor, distribuidor, etc. University of California Press,
Fecha de publicación, distribución, etc. 1955.
300 ## - DESCRIPCIÓN FÍSICA
Extensión viii, 265 p. ;
Dimensiones 24 cm.
650 #4 - PUNTO DE ACCESO ADICIONAL DE MATERIA--TÉRMINO DE MATERIA
Término de materia o nombre geográfico como elemento de entrada Literatura inglesa
Subdivisión general Historia y crítica
9 (RLIN) 4732
700 1# - PUNTO DE ACCESO ADICIONAL--NOMBRE DE PERSONA
Nombre de persona Lehman, B. H.
Forma completa/desarrollada del nombre (Benjamin Harrison),
Fechas asociadas al nombre 1889-1977
9 (RLIN) 4733
Holdings
Estado de retiro Estado de pérdida Restricciones de uso No para préstamo Código de colección Localización permanente Ubicación/localización actual Ubicación en estantería Fecha de adquisición Fuente de adquisición Número de inventario Total de préstamos Signatura topográfica completa Código de barras Fecha visto por última vez Precio válido a partir de Tipo de ítem Koha
    Préstamo interno   Monografías: Libros y Folletos General General Depósito 15.09.2009 002344 LF1   820.9 I31w 1422-10 25.06.2020 25.06.2020 Préstamo interno

Powered by Koha